<?xml version="1.0" encoding="UTF-8"?>
<record
    xmlns:xsi="http://www.w3.org/2001/XMLSchema-instance"
    xsi:schemaLocation="http://www.loc.gov/MARC21/slim http://www.loc.gov/standards/marcxml/schema/MARC21slim.xsd"
    xmlns="http://www.loc.gov/MARC21/slim">

  <leader>01591cam a22002413a 4500</leader>
  <controlfield tag="001">32846</controlfield>
  <controlfield tag="003">PGUSA</controlfield>
  <controlfield tag="005">20140828083718.0</controlfield>
  <controlfield tag="008">100616s2010||||xxu|||||s|||||000 | eng d</controlfield>
  <datafield tag="040" ind1=" " ind2=" ">
    <subfield code="a">PGUSA</subfield>
    <subfield code="b">eng</subfield>
  </datafield>
  <datafield tag="042" ind1=" " ind2=" ">
    <subfield code="a">dc</subfield>
  </datafield>
  <datafield tag="050" ind1=" " ind2="4">
    <subfield code="a">PR</subfield>
  </datafield>
  <datafield tag="245" ind1="1" ind2="0">
    <subfield code="a">International Short Stories :</subfield>
    <subfield code="b">English</subfield>
    <subfield code="h">[electronic resource]</subfield>
  </datafield>
  <datafield tag="260" ind1=" " ind2=" ">
    <subfield code="b">Project Gutenberg,</subfield>
    <subfield code="c">2010</subfield>
  </datafield>
  <datafield tag="505" ind1="0" ind2=" ">
    <subfield code="a">The two drovers / Sir W. Scott -- Mr. Deuceace / W.M. Thackeray -- The brothers / E. Bulwer Lytton -- Doctor Manette's manuscript / C. Dickens -- The caldron of oil / W. Collins -- The burial of the tithe / S. Lover -- The Knightsbridge myster / C. Reade -- The courting of Dinah Shadd / R. Kipling -- The Sire de Maletroit's door / R.L. Stevenson -- The secret of Goresthorpe Grange / Sir A. Conan Doyle -- A change of treatment / W.W. Jacobs -- The Stickit Minister / S.R. Crockett -- The Lammas preaching / S.R. Crockett -- The undergraduate's aunt / F. Anstey -- The silhouettes / A.T. Quiller-Couch -- My brother Henry / J.M. Barrie -- Gilray's flower pot / J.M. Barrie -- Mr. O'Leary's second love / C. Lever -- The indifference of the miller of Hofbau / A.H. Hawkins -- The stolen body / H.G. Wells -- The lazarette of the "Huntress" / W.C. Russell -- The great triangular duel / Capt. F. Marryat -- Three thimbles and a pea / G. Borrow.</subfield>
  </datafield>
  <datafield tag="506" ind1=" " ind2=" ">
    <subfield code="a">Public domain in the USA.</subfield>
  </datafield>
  <datafield tag="516" ind1=" " ind2=" ">
    <subfield code="a">Electronic text</subfield>
  </datafield>
  <datafield tag="653" ind1=" " ind2=" ">
    <subfield code="a">Short stories, English</subfield>
  </datafield>
  <datafield tag="700" ind1="1" ind2=" ">
    <subfield code="a">Patten, William,</subfield>
    <subfield code="d">1868-1936</subfield>
  </datafield>
  <datafield tag="830" ind1=" " ind2="0">
    <subfield code="a">Project Gutenberg</subfield>
    <subfield code="v">32846</subfield>
  </datafield>
  <datafield tag="856" ind1="4" ind2="0">
    <subfield code="u">http://www.gutenberg.org/ebooks/32846</subfield>
  </datafield>
  <datafield tag="942" ind1=" " ind2=" ">
    <subfield code="c">EB</subfield>
  </datafield>
  <datafield tag="999" ind1=" " ind2=" ">
    <subfield code="c">262101</subfield>
    <subfield code="d">262101</subfield>
  </datafield>
  <datafield tag="952" ind1=" " ind2=" ">
    <subfield code="0">0</subfield>
    <subfield code="1">0</subfield>
    <subfield code="4">0</subfield>
    <subfield code="a">GTB</subfield>
    <subfield code="b">GTB</subfield>
    <subfield code="d">2014-08-28</subfield>
    <subfield code="l">0</subfield>
    <subfield code="r">2014-08-28 00:00:00</subfield>
    <subfield code="w">2014-08-28</subfield>
    <subfield code="y">EB</subfield>
  </datafield>
</record>
